000 01169cab a2200325 4500
001 ABS43791
008 090401t1990 xxu||||| |||| 00| 0 eng d
035 _a(Sirsi) u43486
041 _aeng
245 _aM5 Corridor
260 _c1990
350 _a0
490 _aEstates Times
_v(1075) 30 November 1990, 19-64(27)
520 _aThis Estates Times survey assesses development opportunities along the M5 route, and looks at the work of the Black Country UDC . Looks at the office and industrial market in Birmingham and districts, Worcester , Cheltenham , Gloucester , Bristol , Bridgwater , Exeter and Plymouth . Includes planning policy and profile s Stansell . Lists a selection of Bristol office schemes.
650 _aBROMSGROVE
650 _aBUSINESS PARKS
650 _aDUDLEY
650 _aFLOORSPACE
650 _aHEREFORD AND WORCESTER
650 _aMALVERN HILLS
650 _aRECESSION
650 _aREDDITCH
650 _aRENTAL GROWTH
650 _aSUPPLY AND DEMAND
650 _aTEWKESBURY
650 _aWYCHAVON
690 _aPROPERTY-COMMERCIAL PROPERTY-COMMERCIAL PROPERTY MARKET
942 _n0
948 _c04/03/1997
999 _c27735
_d27735